| 000 | 00480cam a2200169 4500 | ||
|---|---|---|---|
| 020 | _a0127583505 | ||
| 040 | _cDLC | ||
| 082 | 0 | 0 | _a592 ACA 1971 A057 Or. |
| 100 | 1 | _aVinberg, G. G. | |
| 245 | 1 | 0 | _aMethods for the estimation of production of aquatic animals; |
| 260 |
_aLondon, _aNew York, _bAcademic Press, _c1971. |
||
| 300 |
_axii, 175 p.; _billus. _c24 cm. |
||
| 650 | 0 | _aAquatic animals. | |
| 650 | 0 | _aBiological productivity. | |
| 650 | 0 | _aAnimal populations | |
| 942 | _cEK | ||
| 999 |
_c13925 _d13925 |
||